000 00504nam a22001697a 4500
010 _aENG-120435
020 _c290.00
_a9788122507874
035 _aEN-103967
037 _bDBAD/PUB
082 _a338.04
100 _aShukla, Mata Badal
245 _aFundamentals of entrepreneurship /
_cby Mata Badal Shukla
260 _aAllahabad
_bKitab Mahal
_c2016
270 _a22-A,Sarojini Naidu Marg
_bAllahabad
_e211001
300 _axii,508p.
_c24cm(pbk)
942 _2ddc
_cEN
_h338.04
_mSHU
999 _c145099
_d145099